La filmographie d'Hailee Steinfeld - Statistiques

Statistiques générales
  • Ce quiz a été pris 75 fois
  • Le résultat moyen est 9 sur 32
Statistiques - réponses
Années Films / Séries % Correct
2021 Hawkeye
85%
2019-2021 Dickinson
81%
2015 Pitch Perfect 2
65%
2017 Pitch Perfect 3
65%
2018 Bumblebee
62%
2010 True Grit
58%
2016 The Edge of Seventeen
54%
2013 Roméo et Juliette
40%
2023 Spider-man : Across the Spider-Verse
33%
2013 La stratégie Ender
25%
2018 Spider-man : New Generation
25%
2014 3 days to kill
23%
2016 En cavale
23%
2015 Secret Agency
23%
2013 Hateship
21%
2013 New york melody
19%
2009 She's a Fox
19%
2014 The Homesman
19%
2019 Entre deux fougères
17%
2015 Ten thousand saints
17%
2015 Unity
13%
2014 Dans le silence de l'Ouest
12%
2010 Grand Cru
12%
2010 Summer Camp
12%
2013 The Magic Bracelet
12%
2007 Back to you
8%
2019 Charlie's Angels
8%
2010 Sons of Tucson
8%
2014 Souvenirs de Marnie
8%
2010 Without Wings
6%
2015 Taylor Swift : The 1989 World Tour Live
4%
2008 Heather : A Fairy Tale
2%
Aucun quiz correspondant
Distribution des résultats
% des personnes avec chaque résultat
Percentile par nombre de réponses
Votre historique - résultats
Vous n’avez pas pris ce quiz